| 000 | 00506nam a2200193Ia 4500 | ||
|---|---|---|---|
| 003 | LDD | ||
| 008 | 181029s9999 xx 000 0 und d | ||
| 020 | _c60.00 | ||
| 040 | _cLDD | ||
| 100 | _aHaksar, P N | ||
| 245 | 0 |
_aReflections on Our Times _cP N Haksar |
|
| 260 |
_aNew Delhi _bLancess _c1982 |
||
| 300 | _a119 | ||
| 365 | _b60.00 | ||
| 901 |
_a1637 _b24-03-1999 |
||
| 902 |
_aUBS 500 _b24-03-1999 _cF _dUPPAL _e0 |
||
| 903 |
_aDiscount-10 _bReqst by : Neela Jagannathan |
||
| 942 |
_2ddc _cBK |
||
| 999 |
_c62062 _d62062 |
||